• 首页
  • 本馆介绍
  • 公告通知
  • 最新文献
  • 馆藏检索
  • 电子资源
  • 读者导购
  • 参考咨询
  • 我的图书馆
  • 登录
  • 详细信息显示
  • 放入我的书架
  • 预约/预借图书
  • 作者相关作品
  • 分类相关作品
  • 丛书相关作品
  • 出版社相关作品

书目信息

  • 表格格式
  • 工作单格式
  • 卡片格式
题名:
中国战争史
    
 
作者: 武国卿 , 慕中岳 著
分册: (二)  
出版信息: 北京   金城出版社  1992.07
页数: 354页
开本: 20cm
丛书名:
单 册:
中图分类: E29
科图分类:
主题词: 军事史--中国 , 战争史--中国
电子资源:
ISBN: 7-80084-010-7
000 00610nam0 2200217 45
001 0404221488
005 20050404144140.7
010    @a7-80084-010-7@dCNY7.40
100    @a20040422d1992 km y0chiy0120 ea
101 0  @achi
105    @aa z 000yy
200 1  @a中国战争史@AZhong Guo Zhan Zheng Shi@h(二)@f武国卿,慕中岳著@FWu Guo Qing,Mu Zhong Yue Zhu
210    @a北京@c金城出版社@d1992.07
215    @a354页@c地图@d20cm
606 0  @a军事史@x中国
606 0  @a战争史@x中国
690    @aE29@v3
701  0 @a武国卿@4著
701  0 @a慕中岳@4著
801    @aCN@bTSTCL@c20040422
905    @dE29@e37:2@f1@b263828
    
    中国战争史.(二)/武国卿,慕中岳著.-北京:金城出版社,1992.07
    354页:地图;20cm
    
    
    ISBN 7-80084-010-7:CNY7.40
    
●
相关链接 在E读中查询图书 在五车中查询图书 在当当中查询图书 在豆瓣中查询图书


正题名:中国战争史     索取号:E29/37:2         预约/预借

序号 登录号 条形码 馆藏地/架位号 状态 备注
1 0263826   001261903   第一样本阅览室/ [索取号:E29/37:2] 在馆    
2 0263827   001261869   第一借阅区/ [索取号:E29/37:2] 在馆    
3 0263828   002006938   密集书库/ [索取号:E29/37:2] 在馆    
唐山师范学院图书馆 欢迎您!
大连网信软件有限公司© 版权所有